Адаптивный алгоритм распределения заказов на обслуживание автомобилями такси; Известия Томского политехнического университета [Известия ТПУ]; Т. 315, № 5: Управление, вычислительная техника и информатика
| Parent link: | Известия Томского политехнического университета [Известия ТПУ]/ Томский политехнический университет (ТПУ).— , 2000- Т. 315, № 5: Управление, вычислительная техника и информатика.— 2009.— [С. 65-69] |
|---|---|
| المؤلف الرئيسي: | |
| الملخص: | Заглавие с титульного листа Электронная версия печатной публикации На основе известных алгоритмов нахождения максимального паросочетания разработан адаптивный алгоритм распределения заказов на обслуживание автомобилями такси. Предложенные способы адаптации алгоритма Куна и венгерского метода позволили сократить вычислительную сложность программных реализаций. |
| اللغة: | الروسية |
| منشور في: |
2009
|
| سلاسل: | Управление, вычислительная техника и информатика |
| الموضوعات: | |
| الوصول للمادة أونلاين: | http://www.lib.tpu.ru/fulltext/v/Bulletin_TPU/2009/v315/i5/13.pdf |
| التنسيق: | MixedMaterials الكتروني فصل الكتاب |
| KOHA link: | https://koha.lib.tpu.ru/cgi-bin/koha/opac-detail.pl?biblionumber=177403 |
MARC
| LEADER | 00000naa2a2200000 4500 | ||
|---|---|---|---|
| 001 | 177403 | ||
| 005 | 20231031165623.0 | ||
| 035 | |a (RuTPU)RU\TPU\book\192317 | ||
| 035 | |a RU\TPU\book\192310 | ||
| 090 | |a 177403 | ||
| 100 | |a 20100316d2009 k y0rusy50 ca | ||
| 101 | 0 | |a rus | |
| 102 | |a RU | ||
| 135 | |a drnn ---uucaa | ||
| 181 | 0 | |a i | |
| 182 | 0 | |a b | |
| 200 | 1 | |a Адаптивный алгоритм распределения заказов на обслуживание автомобилями такси |b Электронный ресурс |f Д. М. Сонькин | |
| 203 | |a Текст |c электронный | ||
| 215 | |a 1 файл (380 Кб) | ||
| 225 | 1 | |a Управление, вычислительная техника и информатика | |
| 230 | |a Электронные текстовые данные (1 файл : 380 Кб) | ||
| 300 | |a Заглавие с титульного листа | ||
| 300 | |a Электронная версия печатной публикации | ||
| 320 | |a [Библиогр.: с. 69 (7 назв.)] | ||
| 330 | |a На основе известных алгоритмов нахождения максимального паросочетания разработан адаптивный алгоритм распределения заказов на обслуживание автомобилями такси. Предложенные способы адаптации алгоритма Куна и венгерского метода позволили сократить вычислительную сложность программных реализаций. | ||
| 337 | |a Adobe Reader | ||
| 461 | 1 | |0 (RuTPU)RU\TPU\book\176237 |t Известия Томского политехнического университета [Известия ТПУ] |f Томский политехнический университет (ТПУ) |d 2000- | |
| 463 | 1 | |0 (RuTPU)RU\TPU\book\192268 |x 1684-8519 |t Т. 315, № 5: Управление, вычислительная техника и информатика |v [С. 65-69] |d 2009 |p 212 с. | |
| 610 | 1 | |a адаптивные алгоритмы | |
| 610 | 1 | |a распределение | |
| 610 | 1 | |a паросочетания | |
| 610 | 1 | |a автоматизация | |
| 610 | 1 | |a труды учёных ТПУ | |
| 610 | 1 | |a электронный ресурс | |
| 700 | 1 | |a Сонькин |b Д. М. |c специалист в области информатики и вычислительной техники |c ассистент кафедры Томского политехнического университета, кандидат технических наук |f 1986- |g Дмитрий Михайлович |2 stltpush |3 (RuTPU)RU\TPU\pers\25949 | |
| 801 | 1 | |a RU |b 63413507 |c 20090623 |g PSBO | |
| 801 | 2 | |a RU |b 63413507 |c 20211216 |g PSBO | |
| 856 | 4 | |u http://www.lib.tpu.ru/fulltext/v/Bulletin_TPU/2009/v315/i5/13.pdf | |
| 942 | |c BK | ||